000 00324nam a22001457a 4500
008 221202b ||||| |||| 00| 0 eng d
020 _a9780134627090
041 _aeng
080 _2TWELFTH EDITION
_a159.9
082 _a159.9
100 _a25
101 _aPSI
245 _aDEVIANT BEHAVIOR
_cTHIO A
942 _2udc
_cBK
999 _c59082
_d59082